| 000 | 02042cam a22004094a 4500 | ||
|---|---|---|---|
| 999 |
_c29153 _d29124 |
||
| 001 | 12585173 | ||
| 003 | EG-ScBUE | ||
| 005 | 20210601153648.0 | ||
| 008 | 011107t2002 inua f 001 0 eng d | ||
| 020 | _a1587200546 | ||
| 020 | _a9781587200540 | ||
| 035 | _a(DLC) 2001098198 | ||
| 040 |
_aDLC _beng _erda _cDLC _dDLC _dEG-ScBUE |
||
| 082 | 0 | 4 |
_a004.678 _bBEN _222 |
| 100 | 1 |
_aBenjamin, Henry, _eauthor. |
|
| 245 | 1 | 0 |
_aCCNP practical studies : _brouting / _cHenry Benjamin. |
| 264 | 1 |
_aIndianapolis, In : _bCisco Press, _c[2002] |
|
| 264 | 4 | _cc2002 | |
| 300 |
_axxi, 554 pages : _billustrations ; _c24 cm. |
||
| 336 |
_2rdacontent _atext _btxt |
||
| 337 |
_2rdamedia _aunmediated _bn |
||
| 338 |
_2rdacarrier _avolume _bnc |
||
| 490 | 0 | _aCisco systems | |
| 500 | _aIncludes index. | ||
| 500 | _aIncludes appendices. | ||
| 505 | 8 | _aMachine generated contents note: Chapter 1 Internet Protocol Chapter 2 Routing Principles Chapter 3 Basic Open Shortest Path First Chapter 4 Advanced OSPF and Integrated Intermediate System-to-Intermediate System Chapter 5 Enhanced Interior Gateway Routing Protocol Chapter 6 Basic Border Gateway Protocol Chapter 7 Advanced BGP Chapter 8 Route Redistribution and Optimization Chapter 9 CCNP Routing Self-Study Lab Appendix A Study Tips Appendix B What to Do After CCNP? Appendix C Answers to Review Questions Appendix D CCIE Preparation-Sarrple Multiprotocol Lab Index. | |
| 546 | _aIn English; summary in English. | ||
| 610 | 2 | 7 |
_aCisco Systems, Inc. _xExaminations _vStudy guides. _2BUEsh |
| 650 | 7 |
_aInternetworking (Telecommunication) _xExaminations _vStudy guides. _2BUEsh |
|
| 650 | 7 |
_aComputer networks _xExaminations _vStudy guides. _2BUEsh |
|
| 653 |
_bCOMSCI _cJune2021 |
||
| 655 |
_vReading book _934232 |
||
| 856 | 4 | 1 |
_3Table of contents _uhttp://www.loc.gov/catdir/toc/fy033/2001098198.html |
| 906 |
_a7 _bcbc _corignew _d2 _eepcn _f20 _gy-gencatlg |
||
| 942 |
_2ddc _cBB |
||